Statistics for All The Weeknd Songs

Click here to take the quiz!

General Stats

  • This quiz has been taken 1,641 times
    (976 since last reset)
  • The average score is 72 of 133

Answer Stats

AlbumSong% Correct
StarboyStarboy
92%
House of BalloonsHouse of Balloons / Glass Table Girls
86%
After HoursAfter Hours
84%
My Dear MelancholyCall Out My Name
82%
Kiss LandKiss Land
82%
Beauty Behind the MadnessThe Hills
81%
Beauty Behind the MadnessEarned It
80%
After HoursBlinding Lights
79%
StarboyDie for You
76%
Dawn FMDawn FM
73%
StarboyReminder
73%
Beauty Behind the MadnessCan't Feel My Face
72%
After HoursSave Your Tears
72%
House of BalloonsWicked Games
72%
After HoursHeartless
71%
StarboyParty Monster
71%
House of BalloonsThe Morning
71%
Beauty Behind the MadnessOften
70%
ThursdayThursday
70%
My Dear MelancholyI Was Never There
69%
StarboyI Feel It Coming
68%
Dawn FMIs There Someone Else?
68%
The Idol: Music from the HBO Original SeriesPopular
68%
StarboyStargirl Interlude
68%
Dawn FMOut of Time
67%
Black Panther: The AlbumPray for Me
67%
ThursdayThe Birds Part 1
67%
ThursdayThe Birds Part 2
67%
Dawn FMTake My Breath
65%
House of BalloonsHigh for This
64%
Beauty Behind the MadnessIn the Night
63%
Dawn FMSacrifice
63%
Echoes of SilenceEchoes of Silence
62%
My Dear MelancholyHurt You
62%
House of BalloonsThe Party & The After Party
62%
My Dear MelancholyTry Me
62%
House of BalloonsComing Down
61%
After HoursIn Your Eyes
61%
TrilogyTwenty Eight
61%
Beauty Behind the MadnessAngel
60%
Echoes of SilenceD.D.
60%
After HoursFaith
60%
StarboyFalse Alarm
60%
Dawn FMGasoline
60%
Dawn FMLess Than Zero
60%
Echoes of SilenceMontreal
60%
Kiss LandTears in the Rain
60%
After HoursEscape from LA
59%
Dawn FMHow Do I Make You Love Me?
59%
House of BalloonsLoft Music
58%
My Dear MelancholyPrivilege
58%
StarboySidewalks
58%
TrilogyValerie
58%
Kiss LandWanderlust
58%
House of BalloonsWhat You Need
58%
Echoes of SilenceXO / The Host
58%
Beauty Behind the MadnessAcquainted
57%
After HoursAlone Again
57%
Dawn FMBest Friends
57%
The Idol: Music from the HBO Original SeriesOne of the Girls
57%
StarboySecrets
57%
My Dear MelancholyWasted Times
57%
StarboySix Feet Under
56%
After HoursSnowchild
56%
House of BalloonsThe Knowing
56%
Single #3Moth to a Flame
55%
Beauty Behind the MadnessPrisoner
55%
ThursdayThe Zone
55%
Beauty Behind the MadnessShameless
54%
HyperionLost in the Fire
53%
Dawn FMStarry Eyes
53%
The Idol: Music from the HBO Original SeriesDouble Fantasy
52%
Kiss LandProfessional
52%
StarboyRockin'
52%
Beauty Behind the MadnessTell Your Friends
52%
Kiss LandThe Town
52%
Kiss LandAdaptation
51%
After HoursHardest to Love
51%
StarboyOrdinary Life
51%
StarboyA Lonely Night
50%
Dawn FMI Heard You're Married
50%
Echoes of SilenceNext
50%
Kiss LandPretty
50%
After HoursToo Late
50%
StarboyTrue Colors
50%
Beauty Behind the MadnessAs You Are
49%
UTOPIAK-POP
49%
ThursdayLonely Star
49%
After HoursUntil I Bleed Out
49%
Beauty Behind the MadnessLosers
48%
After HoursScared to Live
48%
TrilogyTill Dawn (Here Comes the Sun)
48%
ThursdayLife of the Party
47%
StarboyLove to Lay
47%
ThursdayRolling Stone
47%
StarboyAll I Know
46%
The Idol: Music from the HBO Original SeriesFill the Void
46%
Dawn FMHere We Go... Again
46%
Kiss LandLove in the Sky
46%
Echoes of SilenceThe Fall
46%
Kiss LandBelong to the World
45%
ThursdayGone
45%
Echoes of SilenceInitiation
45%
Promotional SingleKing of the Fall
45%
Kiss LandLive For
45%
Beauty Behind the MadnessReal Life
45%
After HoursRepeat After Me (Interlude)
45%
Dawn FMA Tale by Quincy
44%
StarboyAttention
44%
Beauty Behind the MadnessDark Times
44%
ThursdayHeaven or Las Vegas
44%
StarboyNothing Without You
44%
Echoes of SilenceSame Old Song
44%
My EverythingLove Me Harder
43%
Echoes of SilenceOutside
42%
After HoursNothing Compares
41%
Dawn FMEvery Angel Is Terrifying
40%
Kiss LandOdd Look
40%
Dawn FMPhantom Regret by Jim
40%
Dawn FMDon't Break My Heart
39%
After HoursMissed You
39%
After HoursFinal Lullaby
37%
The Idol: Music from the HBO Original SeriesFalse Idols
33%
For the Throne: Music Inspired by the HBO Series Game of ThronesPower Is Power
33%
The Idol: Music from the HBO Original SeriesLike a God
32%
The Idol: Music from the HBO Original SeriesFamily
29%
The Idol: Music from the HBO Original SeriesJealous Guy
29%
Legends Never DieSmile
24%
Avatar: The Way of Water (Original Motion Picture Soundtrack)Nothing Is Lost (You Give Me Strength)
22%
Fifty Shades of GreyWhere You Belong
20%
Single #4One Right Now
19%
SingleOver Now
19%
Single #2Better Believe
15%

Score Distribution

Percentile by Number Answered

Percent of People with Each Score

Your Score History

You have not taken this quiz since the last reset